With a pinch of salt / (Record no. 33104)

MARC details
000 -LEADER
fixed length control field 02220nam a22003737a 4500
005 - DATE AND TIME OF LATEST TRANSACTION
control field 20091217133711.0
010 ## - LCCN (DPL NO)
LC control number B-379611-612
020 ## - INTERNATIONAL STANDARD BOOK NUMBER
International Standard Book Number 9788182639492
Terms of availability 25.00
035 ## - SYSTEM CONTROL NUMBER
System control number B-379611-612
035 ## - SYSTEM CONTROL NUMBER
System control number B-432634-638
037 ## - SOURCE OF ACQUISITION
Source of stock number/acquisition Pratham Books
037 ## - SOURCE OF ACQUISITION
Source of stock number/acquisition Blueberry Books
082 ## - DEWEY DECIMAL CLASSIFICATION NUMBER
Classification number S
100 ## - MAIN ENTRY--PERSONAL NAME
Personal name Pai, Madhuri
245 ## - TITLE STATEMENT
Title With a pinch of salt /
Statement of responsibility, etc by Madhuri Pai [and] Madhav Chavan; illustrated by Rijuta Ghate; translated in English by Manisha Chaudhry
250 ## - EDITION STATEMENT
Edition statement 2nd ed
260 ## - PUBLICATION, DISTRIBUTION, ETC. (IMPRINT)
Place of publication, distribution, etc Bangalore
Name of publisher, distributor, etc Pratham Books
Date of publication, distribution, etc 2009
270 ## - ADDRESS
Address 633-634, 4th "C" Main, 6th B Cross, OMBR Layout, Banaswadi,
City Bangalore
Postal code 560043
300 ## - PHYSICAL DESCRIPTION
Extent 28p.:
Dimensions 23cm(pbk)
Other physical details col. ill.
490 ## - SERIES STATEMENT
Series statement RGF Pratham series
-- 29898
700 ## - ADDED ENTRY--PERSONAL NAME
Personal name Chavan, Madhav
9 (RLIN) 29899
700 ## - ADDED ENTRY--PERSONAL NAME
Personal name Ghate, Rijuta
9 (RLIN) 29900
700 ## - ADDED ENTRY--PERSONAL NAME
Personal name Chaudhry, Manisha
9 (RLIN) 29901
942 ## - ADDED ENTRY ELEMENTS (KOHA)
Source of classification or shelving scheme Dewey Decimal Classification
Item type Children Books
Call number suffix PAI
Classification part S
Holdings
Withdrawn status Lost status Not for loan Collection code Home library Current library Date acquired Source of acquisition Cost, normal purchase price Full call number Barcode Copy number Cost, replacement price Koha item type
      Fiction Central Library Central Library 22/07/2011 Blue Berry/6363/25.3.11/83/21.3.11/31.3.11 25.00 S PAI B-432634 1 25.00 Children Books
      Fiction Janak Puri Janak Puri 25/05/2010 Pratham Books /PD_14081/16.2.10/168/27.1.10/3.3.10 25.00 S PAI B-379612 1 25.00 Children Books
      Fiction Karol Bagh Karol Bagh 22/07/2011 Blue Berry/6363/25.3.11/83/21.3.11/31.3.11 25.00 S PAI B-432637 1 25.00 Children Books
      Fiction Patel Nagar Patel Nagar 25/05/2010 Pratham Books /PD_14081/16.2.10/168/27.1.10/3.3.10 25.00 S PAI B-379611 1 25.00 Children Books
      Fiction Patel Nagar Patel Nagar 22/07/2011 Blue Berry/6363/25.3.11/83/21.3.11/31.3.11 25.00 S PAI B-432635 1 25.00 Children Books
      Fiction Sarojini Nagar Sarojini Nagar 22/07/2011 Blue Berry/6363/25.3.11/83/21.3.11/31.3.11 25.00 S PAI B-432636 1 25.00 Children Books
  Written-off vide DLB M. No. 383 dt 16.05.19   Fiction Shahdara Branch Shahdara Branch 22/07/2011 Blue Berry/6363/25.3.11/83/21.3.11/31.3.11 25.00 S PAI B-432638 1 25.00 Children Books

© Delhi Public Library
Hit Counter
free hit counter